00855nas a2200241Ia 4500001002800000003001000028008004100038040002500079041001300104100001700117210001600134222001600150245003700166250001100203260000900214501012300223300001400346362002500360500016200385650002200547700002300569700002100592A50//R028-4008 [r000001129]IT-MiCISF161014c99999999xx |||||||||||| ||und|| aIT-MiCISFcIT-MiCISF aITALIANO aScabini Pino aLa famiglia aLa famiglia 0aForza e debolezza della famiglia a1a ed. c1985 bCISF - Centro Internazionale Studi Famiglia - Via Giotto, 36 20145 MILANO (non commercial uses only)cCopyright 2016 app. 52-65 a111, mag-giu. [1985] aDocumenti della commissione n. 5 al Cconvegno di Loreto Tema: famiglia, società, matrimonio, chiesa-domestica, chiesa, crisi-famiglia, educazione-familiare aFAMIGLIAvdossier a Campanini Giorgio a Vecchio Giorgio